Statistics for Parts of a Plant Cell with a Map

Click here to take the quiz!

General Stats

  • This quiz has been taken 1,203 times
  • The average score is 9 of 25

Answers on the Map

Answers color-coded by a green-red scale on the quiz's map according to % correct below.
 

Answer Stats

Answer% Correct
Nucleus
92%
Mitochondria
91%
Cell wall
86%
Cell membrane
73%
Ribosome
66%
Chloroplast
63%
Vacuole
62%
Golgi apparatus
60%
Cytosol
52%
Rough endoplasmic reticulum
46%
Smooth endoplasmic reticulum
45%
Nucleolus
41%
Nuclear envelope
28%
Vesicle
19%
Chromatin
18%
Cytoskeleton
17%
Nuclear pore
17%
Microfilaments
13%
Peroxisome
13%
Microtubules
12%
Nucleoplasm
12%
Intermediate filaments
8%
Plasmodesmata
5%
Chromoplast
3%
Leucoplast
2%

Score Distribution

Percentile by Number Answered

Percent of People with Each Score

Your Score History

You have not taken this quiz